000 00742nam a22002417a 4500
003 SISC
005 20160204091902.0
008 130907t xxu||||| |||| 00| 0 eng d
020 _a9780723416005
050 _aRC 584
_b.J12 1989
082 _aHS 616
_bJ169 1988
100 _aJackson, William F.
_917026
245 _aA colour atlas of allergy /
_cWilliam F. Jackson.
260 _aEngland :
_bWolfe Medical Publications Ltd,
_cc1989.
300 _a126 p. :
_bill. (some col.) ;
_c27 cm.
500 _aIncludes bibliographical references and index.
650 _aAllergy.
_917027
650 _a Allergic disorders.
_917028
650 _aDrugs
_xallergy.
_917029
650 _aAllergy
_917030
942 _2lcc
_cBK
999 _c10589
_d10589